Score 0/20 Timer 03:00
0 Plays Today
People Named (Hue) Missing (alphabetical) % Correct
Vanilla ___
Rapper
Ice
93.2%
____ Black
'School of Rock' actor
Jack
92.3%
Kobe ______
Lakers' basketball star
Bryant
88.2%
_____ White
'The Golden Girls' actress
Betty
87.9%
Olive ___
Popeye's love
Oyl
79.8%
_____ Brown
'The Godfather of Soul'
James
78.7%
_________ Plum*
Clue/Cluedo character
Professor
78%
______ Green
Ross's love on 'Friends'
Rachel
77.8%
________ Jasmine*
Royal gal in 'Aladdin'
Princess
77%
Ginger ______
Astaire's dance partner
Rogers
76.8%
People Named (Hue) Missing (alphabetical) % Correct
___ Burgundy
Will Ferrell's 'Anchorman' character
Ron
76.2%
________ Grey
'Dirty Dancing' actress
Jennifer
70.1%
___ Lemon
Tina Fey's '30 Rock' character
Liz
58.2%
___ Tan
Author, 'The Joy Luck Club'
Amy
57.5%
Rose _______
U.S. President's mother
Kennedy
54.5%
Lavender _____
Ron's brief flame in 'Harry Potter…'
Brown
33.4%
Violet ___________
'Willy Wonka…' gum-chewer
Beauregarde
27.2%
Cardinal _________
Antagonist, 'The Three Musketeers'
Richelieu
25.9%
______ Chestnut
Actor, 'The Best Man'
Morris
16.8%
Red _____
Sioux Indian leader
Cloud
8.6%

Today's Daily Dose

Remove Ads.
Support Sporcle.
Get the best of Sporcle when you Go Orange. This ad-free experience offers more features, more stats, and more fun while also helping to support Sporcle. Thank you for becoming a member.

You're not logged in!

Compare scores with friends on all Sporcle quizzes.
OR
Log In

Show Comments

Extras

Top Quizzes Today


Score Distribution

Your Account Isn't Verified!

In order to create a playlist on Sporcle, you need to verify the email address you used during registration. Go to your Sporcle Settings to finish the process.

Report this User

Report this user for behavior that violates our Community Guidelines.

Details: